ბათუმის შოთა რუსთაველის სახელმწიფო უნივერსიტეტის ბიბლიოთეკა

შორეულ გზებზე (ბიბ.ჩანაწერი № 50011)

000 -LEADER
fixed length control field 00760nam a2200217Ia 4500
001 - CONTROL NUMBER
control field 16948
003 - CONTROL NUMBER IDENTIFIER
control field GE_BSU
008 - FIXED-LENGTH DATA ELEMENTS--GENERAL INFORMATION
fixed length control field 181216s||||||||xx |||||||||||||| ||und||
040 ## - CATALOGING SOURCE
Transcribing agency GE_BSU
080 ## - UNIVERSAL DECIMAL CLASSIFICATION NUMBER
Universal Decimal Classification number 087.5:910.4 + 82-93:821.353.1-94
245 ## - TITLE STATEMENT
Title შორეულ გზებზე
245 ## - TITLE STATEMENT
Remainder of title ქართველ მოგზაურთა ჩანაწერები.
245 ## - TITLE STATEMENT
Statement of responsibility, etc. რედ. ი.ჩხიკვიშვილი
260 ## - PUBLICATION, DISTRIBUTION, ETC.
Place of publication, distribution, etc. თბილისი
260 ## - PUBLICATION, DISTRIBUTION, ETC.
Name of publisher, distributor, etc. საბლიტგამი
260 ## - PUBLICATION, DISTRIBUTION, ETC.
Date of publication, distribution, etc. 1959
300 ## - PHYSICAL DESCRIPTION
Extent 392გვ. : ილ. ; 23სმ.
653 ## - INDEX TERM--UNCONTROLLED
Uncontrolled term ქართველ მოგზაურთა ჩანაწერები.
653 ## - INDEX TERM--UNCONTROLLED
Uncontrolled term შორეულ გზებზე
942 ## - ADDED ENTRY ELEMENTS (KOHA)
Koha item type წიგნი
ეგზემპლარები
Withdrawn status Lost status Damaged status Not for loan Date acquired Barcode Date last seen Price effective from Koha item type
        2018-12-17 21759 2018-12-17 2018-12-17 წიგნი
        2018-12-17 21760 2018-12-17 2018-12-17 წიგნი